000 00454nam a2200169Ia 4500
003 GCL
008 140319s9999 xx 000 0 eng d
040 _aGCL /
_cGCL
082 0 4 _a401.9
_bA W
100 1 _aAITCHISON, JEAN
245 1 0 _aWORLD IN THE MIND: AN INTRODUCTION TO THE MENTAL LEXICON /
_cAITCHISON, JEAN
260 _a[S.N] :
_bBLACK WELL ،
_c1994
300 _a290 P
650 0 4 _aPSYCHIATRISTS
650 0 4 _aLEXICOLOGY
942 _2ddc
_cBK
999 _c10302
_d10302